000 00655nam a2200241Ia 4500
003 OSt
005 20221007062957.0
006 a|||||r|||| 00| 0
007 ta
008 221006b |||||||| |||| 00| 0 eng d
024 _a15,692
037 _cTextual
040 _aFLL
_cFLL
_beng
041 _2eng
_aeng
082 _aX65:Z2:32, G7
100 _aMody Ramnikla R.
_9683667
245 0 _aLaw of pakki & katchi adat and teji-mandi contracts
250 _a2nd
260 _aBombay
_bN.M. Tripathi & Co. India
_c1937
300 _a246p
_ccm.
942 _hX65:Z2:32, G7
_cTEXL
_2CC
999 _c1130002
_d1130002